000 00827nam a22002537a 4500
001 12626
003 HDC
007 cr bn ---
008 210210 my |0 eneng
040 _aHDC
100 _aSyekh Muhammad Yusuf Qardhawi
_eauthor
_913376
245 0 _aHalal & Haram Dalam Islam
_cby Syekh Muhammad Yusuf Qardhawi
260 _a[No place] :
_bPT. Bina Ilmu,
_c1993
300 _a27 pages
336 _atext
_2rdacontent
337 _acomputer
_2rdamedia
338 _aonline resource
_2rdacarrier
650 _ahalal act
_9950
650 _ahalal industry
_9144
856 _zRequest full-text at [email protected]
942 _2lcc
942 _cEBOOK
942 _kEBOOK 002002
999 _c9949
_d9949